Discrete mathematical structures (Record no. 2)
[ view plain ]
| 000 -LEADER | |
|---|---|
| fixed length control field | 00525 a2200205 4500 |
| 001 - CONTROL NUMBER | |
| control field | 000043 |
| 003 - CONTROL NUMBER IDENTIFIER | |
| control field | OSt |
| 005 - DATE AND TIME OF LATEST TRANSACTION | |
| control field | 20251204145113.0 |
| 008 - FIXED-LENGTH DATA ELEMENTS--GENERAL INFORMATION | |
| fixed length control field | |
| 020 ## - INTERNATIONAL STANDARD BOOK NUMBER | |
| International Standard Book Number | 0132297515 |
| 040 ## - CATALOGING SOURCE | |
| Transcribing agency | CURAJ |
| 082 ## - DEWEY DECIMAL CLASSIFICATION NUMBER | |
| Classification number | 510 |
| Item number | K83D |
| 100 1# - MAIN ENTRY--PERSONAL NAME | |
| Personal name | Kolman, Bernard |
| 245 1# - TITLE STATEMENT | |
| Title | Discrete mathematical structures |
| Statement of responsibility, etc | By Bernard Kolman And Robert C. Busby |
| 260 ## - PUBLICATION, DISTRIBUTION, ETC. (IMPRINT) | |
| Place of publication, distribution, etc | New Delhi |
| Name of publisher, distributor, etc | Pearson |
| Date of publication, distribution, etc | 2009 |
| 300 ## - PHYSICAL DESCRIPTION | |
| Extent | 555p. |
| 690 ## - LOCAL SUBJECT ADDED ENTRY--TOPICAL TERM (OCLC, RLIN) | |
| Topical term or geographic name as entry element | Computer science--Mathematics |
| 700 ## - ADDED ENTRY--PERSONAL NAME | |
| Personal name | Busby, Robert C. |
| 942 ## - ADDED ENTRY ELEMENTS (KOHA) | |
| Source of classification or shelving scheme | Dewey Decimal Classification |
| Koha item type | Books |
| Withdrawn status | Lost status | Source of classification or shelving scheme | Damaged status | Not for loan | Collection code | Home library | Current library | Department | Date acquired | Source of acquisition | Cost, normal purchase price | Total Checkouts | Full call number | Barcode | Date last seen | Date checked out | Price effective from | Koha item type | Inventory number(Invoice/Date) |
|---|---|---|---|---|---|---|---|---|---|---|---|---|---|---|---|---|---|---|---|
| Dewey Decimal Classification | General Text Book | Central University Of Rajasthan | Central University Of Rajasthan | Mathematics | 28/09/2010 | MTH | 299.00 | 2 | 510 K83D | 35 | 30/04/2025 | 15/04/2025 | 02/09/2020 | Books | |||||
| Dewey Decimal Classification | General Text Book | Central University Of Rajasthan | Central University Of Rajasthan | Mathematics | 07/03/2012 | MTH | 299.00 | 1 | 510 K83D | 36 | 21/11/2024 | 10/05/2024 | 02/09/2020 | Books | 67/14.09.2009 |
